[Event "4NCL Online Division 4"]
[Site "online"]
[Date "2021.03.09"]
[EventDate "2021.03.09"]
[Round "4.164"]
[White "Saha, Soumil"]
[WhiteElo "1176"]
[WhiteTeam "Bristol Cabot Blackbeards"]
[Black "Lonsdale, Jon I"]
[BlackElo "1922"]
[BlackTeam "Manchester Manticores 1"]
[Result "0-1"]
[PlyCount "53"]

1. d4 Nf6 2. d5 c6 3. c4 g6 4. Nc3 d6 5. e4 Nbd7 6. Bd3 Bg7 7. Nf3 O-O 8. O-O Ng4 9. Bd2 Nge5 10. Nxe5 Nxe5 11. Be2 cxd5 12. cxd5 a6 13. f4 Nd7 14. Be3 b5 15. b4 Bxc3 16. Rc1 Bg7 17. a4 Nf6 18. axb5 axb5 19. Bxb5 Nxe4 20. Bc6 Ra3 21. Bd4 Bg4 22. Qxg4 Bxd4+ 23. Kh1 Nf2+ 24. Rxf2 Bxf2 25. Rf1 Qb6 26. f5 Qd4 27. h3 0-1

[Event "4NCL Online Division 4"]
[Site "online"]
[Date "2021.03.23"]
[EventDate "2021.03.23"]
[Round "5.11"]
[White "Nunn, John D M"]
[WhiteTitle "GM"]
[WhiteElo "2561"]
[WhiteTeam "Bude Surfers"]
[Black "Robinson, Brian"]
[BlackElo "1717"]
[BlackTeam "Bishop Trojans"]
[Result "1-0"]
[PlyCount "63"]

1. e4 e6 2. d4 d5 3. Nc3 Bb4 4. e5 c5 5. a3 Bxc3+ 6. bxc3 Ne7 7. Nf3 b6 8. Bb5+ Bd7 9. Bd3 Ba4 10. O-O c4 11. Be2 Na6 12. Re1 Nc7 13. Bf1 Qd7 14. g3 O-O-O 15. Ra2 Rdg8 16. Bg2 h6 17. h4 Rf8 18. Bf4 f6 19. exf6 gxf6 20. Bh3 Ng6 21. Bxc7 Qxc7 22. Bxe6+ Kb8 23. Bxd5 f5 24. Ne5 Nxe5 25. Rxe5 f4 26. Qe2 fxg3 27. fxg3 Re8 28. Ra1 Qg7 29. Kg2 Qg6 30. Re1 Rxe5 31. Qxe5+ Kc8 32. Qxh8+ 1-0

[Event "4NCL Online Division 4"]
[Site "online"]
[Date "2021.03.23"]
[EventDate "2021.03.23"]
[Round "5.12"]
[White "Smith, Peter J"]
[WhiteElo "1645"]
[WhiteTeam "Bishop Trojans"]
[Black "Fink-Nunn, Petra"]
[BlackTitle "WFM"]
[BlackElo "2050"]
[BlackTeam "Bude Surfers"]
[Result "0-1"]
[PlyCount "94"]

1. h3 e5 2. a3 d5 3. d3 Bd6 4. c3 Ne7 5. Qc2 O-O 6. Nd2 f5 7. e4 fxe4 8. dxe4 c6 9. g4 Ng6 10. Ndf3 Na6 11. Bg2 Nc5 12. Bg5 Qe8 13. Nd2 Ne6 14. h4 h6 15. h5 Nxg5 16. hxg6 Qxg6 17. f3 dxe4 18. O-O-O Be6 19. Nxe4 Nxe4 20. Qxe4 Qxe4 21. fxe4 Be7 22. Bf3 Rad8 23. Rf1 Bxg4 24. Rf2 Rd3 25. Be2 Bg5+ 26. Kb1 Rxf2 27. Bxd3 Rd2 28. Bc4+ Kh7 29. Nh3 Be3 30. Bb3 Bf3 31. Re1 Bb6 32. Rf1 Bxe4+ 33. Ka1 Bg2 34. Rd1 Rxd1+ 35. Bxd1 Bxh3 36. Be2 Bf5 37. b3 g5 38. a4 g4 39. b4 g3 40. Bf1 Be4 41. a5 Be3 42. c4 g2 43. Bxg2 Bxg2 44. b5 cxb5 45. cxb5 Bf1 46. b6 axb6 47. axb6 Bxb6 0-1

[Event "4NCL Online Division 4"]
[Site "online"]
[Date "2021.03.23"]
[EventDate "2021.03.23"]
[Round "5.13"]
[White "Constable, Christine F"]
[WhiteElo "1455"]
[WhiteTeam "Bude Surfers"]
[Black "Bainbridge, Bryan J"]
[BlackElo "1546"]
[BlackTeam "Bishop Trojans"]
[Result "0-1"]
[PlyCount "86"]

1. d4 b5 2. e4 Bb7 3. Bd3 Nf6 4. Nf3 a6 5. Nbd2 e6 6. O-O c5 7. c3 cxd4 8. cxd4 h6 9. a4 b4 10. Qe2 a5 11. b3 Be7 12. Bb2 d6 13. Rac1 O-O 14. e5 dxe5 15. dxe5 Nh7 16. Rfd1 Qe8 17. Nc4 Ba6 18. Nd6 Bxd3 19. Qxd3 Bxd6 20. exd6 Nd7 21. Qd4 Nhf6 22. Ne5 Rc8 23. Rc7 Nxe5 24. Qxe5 Rxc7 25. dxc7 Qc8 26. Qg3 Kh8 27. Qd6 Nd5 28. Qg3 f6 29. Rc1 Rf7 30. h3 Rxc7 31. Rxc7 Nxc7 32. Bd4 Nd5 33. Be3 e5 34. Qf3 Nxe3 35. Qxe3 Qc2 36. Kh2 Qc3 37. g4 Qd4 38. Kg3 Qc3 39. Kh4 Qd4 40. Kh5 Kh7 41. Kh4 Kg6 42. Qf3 Qf4 43. Qg3 Qg5# 0-1

[Event "4NCL Online Division 4"]
[Site "online"]
[Date "2021.03.23"]
[EventDate "2021.03.23"]
[Round "5.14"]
[White "Berry, Robert"]
[WhiteElo "1520"]
[WhiteTeam "Bishop Trojans"]
[Black "Richards, Maurice A"]
[BlackElo "1454"]
[BlackTeam "Bude Surfers"]
[Result "1/2-1/2"]
[PlyCount "129"]

1. e4 e5 2. Nf3 Nf6 3. Nc3 Bb4 4. Bc4 O-O 5. Nd5 Nxd5 6. Bxd5 c6 7. Bc4 d5 8. exd5 cxd5 9. Be2 Nc6 10. c3 Bd6 11. d3 Qe7 12. O-O h6 13. Re1 Be6 14. c4 Rfd8 15. Qb3 d4 16. a3 a5 17. h3 a4 18. Qc2 Rdc8 19. Bd2 b5 20. b3 axb3 21. Qxb3 bxc4 22. dxc4 Rxa3 23. Rxa3 Bxa3 24. Ra1 Bd6 25. Qb6 Qc7 26. Qb5 Rb8 27. Qa4 e4 28. Ne1 d3 29. Bg4 Bxg4 30. hxg4 Nd4 31. Be3 Ne2+ 32. Kf1 Bc5 33. Bxc5 Qxc5 34. Qa2 Rc8 35. Qb3 Qxc4 36. Qxc4 Rxc4 37. Rd1 Rc1 38. Rd2 g6 39. f3 exf3 40. gxf3 Nf4 41. Kf2 Kg7 42. Nxd3 Nxd3+ 43. Rxd3 Kf6 44. Kg3 Kg5 45. Rd7 Kf6 46. Rd6+ Ke5 47. Rd7 Ke6 48. Rd3 f5 49. Re3+ Kf6 50. Rb3 Rc6 51. gxf5 Kxf5 52. Rb5+ Kf6 53. f4 Re6 54. Kg4 h5+ 55. Kf3 Rd6 56. Rb3 Rd5 57. Ke4 Rd6 58. Rb5 h4 59. Rb3 Re6+ 60. Kf3 Re8 61. Kg4 Rh8 62. Rh3 Rh5 63. Rxh4 Rxh4+ 64. Kxh4 Kf5 65. Kg3 1/2-1/2

[Event "4NCL Online Division 4"]
[Site "online"]
[Date "2021.03.23"]
[EventDate "2021.03.23"]
[Round "5.21"]
[White "Gill, Veer"]
[WhiteElo "1306"]
[WhiteTeam "Hatch End B"]
[Black "Dean, Robert A"]
[BlackElo "1807"]
[BlackTeam "Bradford DCA Knights B"]
[Result "1-0"]
[PlyCount "57"]

1. e4 e6 2. c4 d5 3. cxd5 exd5 4. exd5 Nf6 5. Nc3 Nxd5 6. d4 Be7 7. Bc4 Nb6 8. Bb3 O-O 9. Nf3 Bg4 10. O-O Nc6 11. Be3 Bf6 12. d5 Ne5 13. h3 Nxf3+ 14. gxf3 Bxh3 15. Re1 Bxc3 16. bxc3 Qf6 17. Kh2 Bf5 18. Kg2 Qg6+ 19. Kf1 Bd3+ 20. Re2 Qh5 21. Kg2 Bxe2 22. Qxe2 Nxd5 23. Rh1 Qg6+ 24. Kf1 Nxc3 25. Qd2 Qc6 26. Bd4 Nb5 27. Bxg7 Rad8 28. Rg1 Rxd2 29. Bf6# 1-0

[Event "4NCL Online Division 4"]
[Site "online"]
[Date "2021.03.23"]
[EventDate "2021.03.23"]
[Round "5.22"]
[White "Johnson, Paul A"]
[WhiteElo "1797"]
[WhiteTeam "Bradford DCA Knights B"]
[Black "Scales, Barry"]
[BlackElo "1133"]
[BlackTeam "Hatch End B"]
[Result "1-0"]
[PlyCount "81"]

1. d4 d5 2. Bf4 Bf5 3. e3 a6 4. c4 e6 5. Nf3 f6 6. Nc3 Bb4 7. Rc1 Ne7 8. Bd3 Nbc6 9. O-O Bg4 10. cxd5 Bxc3 11. dxc6 Nxc6 12. Rxc3 O-O 13. h3 Bh5 14. g4 Bf7 15. Qb1 Rc8 16. Bxh7+ Kh8 17. Be4 f5 18. gxf5 Bh5 19. Ng5 Qf6 20. fxe6 Nxd4 21. exd4 Qxf4 22. Qc1 Qxc1 23. Rfxc1 Be2 24. Rxc7 Rxc7 25. Rxc7 Bb5 26. Bxb7 g6 27. Rc8 Rxc8 28. Bxc8 Kg8 29. Bd7 Kf8 30. Bxb5 axb5 31. Kg2 Ke7 32. Kf3 b4 33. Ke4 Kf6 34. d5 Ke7 35. Ke5 Ke8 36. d6 b3 37. axb3 Kd8 38. Nf7+ Ke8 39. d7+ Kf8 40. d8=Q+ Kg7 41. Qh8# 1-0

[Event "4NCL Online Division 4"]
[Site "online"]
[Date "2021.03.23"]
[EventDate "2021.03.23"]
[Round "5.23"]
[White "Shah, Ashok"]
[WhiteElo "1103"]
[WhiteTeam "Hatch End B"]
[Black "Adam, David W"]
[BlackElo "1725"]
[BlackTeam "Bradford DCA Knights B"]
[Result "0-1"]
[PlyCount "104"]

1. e4 c5 2. Nf3 d6 3. Nc3 Nf6 4. d4 cxd4 5. Qxd4 Bd7 6. Bb5 Nc6 7. Bxc6 Bxc6 8. Bf4 e5 9. Bxe5 dxe5 10. Qxd8+ Rxd8 11. Rd1 Rxd1+ 12. Kxd1 Nxe4 13. Nxe4 Bxe4 14. Nxe5 Be7 15. f3 Bd5 16. b3 f6 17. c4 fxe5 18. cxd5 O-O 19. g4 Rd8 20. Kc2 Rxd5 21. h4 Kf7 22. Re1 Bxh4 23. Re4 Bg5 24. Kc3 Ke6 25. Ra4 a6 26. a3 Bf6 27. f4 exf4+ 28. Kc2 Bd4 29. Rc4 f3 30. Kc1 Rc5 31. Kd2 Rxc4 32. bxc4 f2 33. Ke2 Bc5 34. a4 Ke5 35. Kf1 Kf4 36. g5 Kxg5 37. a5 Kf5 38. Kg2 g5 39. Kf1 g4 40. Kg2 h5 41. Kf1 h4 42. Kg2 Ke4 43. Kf1 Kd3 44. Kg2 Kxc4 45. Kf1 Kb5 46. Kg2 Kxa5 47. Kf1 b5 48. Ke2 b4 49. Kf1 b3 50. Kg2 b2 51. Kf1 b1=Q+ 52. Kg2 Qg1# 0-1

[Event "4NCL Online Division 4"]
[Site "online"]
[Date "2021.03.23"]
[EventDate "2021.03.23"]
[Round "5.24"]
[White "Clarke, Paul R H"]
[WhiteElo "1729"]
[WhiteTeam "Bradford DCA Knights B"]
[Black "Smyth, Peter"]
[BlackElo "970"]
[BlackTeam "Hatch End B"]
[Result "1-0"]
[PlyCount "63"]

1. d4 e6 2. Bf4 Qf6 3. e3 Nc6 4. c3 Nge7 5. Nf3 Nd5 6. Bg3 g5 7. Ne5 Nxe5 8. Bxe5 Qf5 9. Bd3 Nxe3 10. Bxf5 Nxd1 11. Bxh8 exf5 12. Kxd1 d5 13. Be5 Be6 14. Bxc7 g4 15. Nd2 Bh6 16. g3 Kd7 17. Bf4 Bg7 18. Nb3 b6 19. Kc2 a5 20. h3 a4 21. Nd2 Ke8 22. hxg4 fxg4 23. Rae1 h6 24. Bxh6 Bxh6 25. Rxh6 Kd7 26. Reh1 Bf5+ 27. Kc1 Re8 28. Kd1 Bd3 29. Rxb6 Re2 30. Rb7+ Kc6 31. Rxf7 Rxf2 32. Rxf2 1-0

[Event "4NCL Online Division 4"]
[Site "online"]
[Date "2021.03.23"]
[EventDate "2021.03.23"]
[Round "5.31"]
[White "Ball, Matthew P"]
[WhiteElo "1794"]
[WhiteTeam "Doughnuts of Doom"]
[Black "Brozel, Sacha"]
[BlackElo "2310"]
[BlackTeam "Barnet Knights A"]
[Result "0-1"]
[PlyCount "118"]

1. e4 e6 2. d4 d5 3. Nc3 Bb4 4. exd5 exd5 5. Bd3 Nc6 6. Ne2 Be6 7. Bf4 Qd7 8. Qd2 Nge7 9. a3 Ba5 10. f3 f6 11. h4 Bb6 12. Bb5 h5 13. Ng3 Nf5 14. Nxf5 Bxf5 15. O-O-O O-O-O 16. Rhe1 Rhe8 17. Ne2 Kb8 18. Bg3 Bg6 19. Nf4 Bf7 20. Bf2 Qd6 21. Bxc6 Qxc6 22. Rxe8 Rxe8 23. Re1 Rxe1+ 24. Qxe1 Qd6 25. Qd2 a6 26. Kb1 Ka7 27. g3 c6 28. Ne2 Qe6 29. Nf4 Qf5 30. Qd3 Qxd3 31. Nxd3 Bc7 32. Kc1 b6 33. Kd2 Kb7 34. Ke2 Kc8 35. Nb4 Kb7 36. Nd3 a5 37. Kd2 Kc8 38. Ke2 Kd7 39. Kd2 Ke6 40. Nc1 Kf5 41. Ne2 g5 42. c3 Be6 43. Ke3 Bc8 44. Kd2 Ba6 45. Ng1 gxh4 46. gxh4 Bf4+ 47. Kd1 Bh2 48. Ne2 a4 49. Ng3+ Kf4 50. Nxh5+ Kxf3 51. Be1 f5 52. Nf6 Bc7 53. h5 Bd8 54. Ng8 f4 55. Kd2 Bc8 56. h6 Bf5 57. Kd1 Kg2 58. Ke2 f3+ 59. Ke3 Bg5# 0-1

[Event "4NCL Online Division 4"]
[Site "online"]
[Date "2021.03.23"]
[EventDate "2021.03.23"]
[Round "5.32"]
[White "Rasalingam, Haran"]
[WhiteElo "2087"]
[WhiteTeam "Barnet Knights A"]
[Black "Smith, David W"]
[BlackElo "1706"]
[BlackTeam "Doughnuts of Doom"]
[Result "1/2-1/2"]
[PlyCount "129"]

1. e4 g6 2. d4 Bg7 3. Nc3 c5 4. Nge2 cxd4 5. Nxd4 d6 6. Be3 Nc6 7. Qd2 Nf6 8. f3 a6 9. Bc4 e6 10. O-O-O Nxd4 11. Qxd4 b5 12. Bb3 O-O 13. Qxd6 Bb7 14. Bb6 Qc8 15. Qc7 Qxc7 16. Bxc7 Rfc8 17. Be5 b4 18. Na4 Rc6 19. Rd3 Rac8 20. Rhd1 h5 21. Rd8+ Kh7 22. Rxc8 Rxc8 23. Kb1 a5 24. Bxf6 Bxf6 25. Rd7 Rd8 26. Rxd8 Bxd8 27. Nc5 Bc6 28. Ba4 Ba8 29. c4 Kg7 30. Nd7 Bc7 31. c5 Bb7 32. Bb5 f6 33. c6 Bc8 34. Nc5 Bb6 35. Na4 Bc7 36. Kc2 Kf7 37. Kd3 Ke7 38. g3 h4 39. f4 g5 40. e5 hxg3 41. exf6+ Kxf6 42. fxg5+ Kxg5 43. hxg3 Kg4 44. Ke4 Kxg3 45. Nc5 Bd6 46. Ba6 Bxc5 47. Bxc8 Bd6 48. Bxe6 Kf2 49. Kd5 Bc7 50. a4 Ke3 51. b3 Kf4 52. Bc8 Ke3 53. Ke6 Kd4 54. Ba6 Kc5 55. Kd7 Kb6 56. Bc4 Bh2 57. Bd5 Bg3 58. Ke6 Bh2 59. Kf5 Bc7 60. Ke4 Bh2 61. Kd4 Bc7 62. Kc4 Bh2 63. Kd4 Bc7 64. Kc4 Bh2 65. Kd4 1/2-1/2

[Event "4NCL Online Division 4"]
[Site "online"]
[Date "2021.03.23"]
[EventDate "2021.03.23"]
[Round "5.33"]
[White "Ball, Charlie"]
[WhiteElo "1467"]
[WhiteTeam "Doughnuts of Doom"]
[Black "Kesterson, Kennan"]
[BlackElo "2006"]
[BlackTeam "Barnet Knights A"]
[Result "0-1"]
[PlyCount "164"]

1. e4 e6 2. d3 c5 3. g3 Nc6 4. Bg2 g6 5. Nd2 Bg7 6. c3 Nge7 7. Ngf3 O-O 8. O-O d5 9. Re1 d4 10. Qc2 e5 11. Nc4 b5 12. Ncd2 h6 13. Nf1 Be6 14. h4 Rc8 15. Bd2 f5 16. Bh3 Qd7 17. Bg2 fxe4 18. dxe4 d3 19. Qc1 Kh7 20. Qd1 c4 21. a4 b4 22. Ne3 Na5 23. cxb4 Nb3 24. Rb1 Qxa4 25. Ra1 Qxa1 26. Qxa1 Nxa1 27. Rxa1 Rc7 28. Bc3 Nc6 29. Nd2 Nd4 30. Bf1 Rb8 31. Ra6 Rb6 32. Ra5 Nb5 33. Kh2 Nxc3 34. bxc3 Rbc6 35. Nf3 Rf7 36. Bg2 Rd6 37. Kg1 d2 38. Nd1 Bg4 39. Rc5 Bxf3 40. Bxf3 Rxf3 41. Rxc4 Rfd3 42. Rc7 Rd7 43. Rc5 Kg8 44. b5 Kf7 45. Rc6 R3d6 46. Rc5 Ke6 47. c4 g5 48. hxg5 hxg5 49. g4 a6 50. f3 axb5 51. cxb5 Rb7 52. Kf2 Bf8 53. Ke2 Rdb6 54. Rc2 Rxb5 55. Rxd2 Rd7 56. Rc2 Rb1 57. Ne3 Rdb7 58. Nd1 Ba3 59. Rc6+ Bd6 60. Rc2 Ra1 61. Rd2 Rbb1 62. Nc3 Rh1 63. Kd3 Bb4 64. Rb2 Bxc3 65. Kxc3 Ra6 66. Rb8 Rh3 67. Rf8 Ra3+ 68. Kc4 Rhxf3 69. Re8+ Kd6 70. Rg8 Rf4 71. Rxg5 Rxe4+ 72. Kb5 Raa4 73. Rg6+ Kd5 74. Kb6 Rxg4 75. Rg8 Rxg8 76. Kb5 Ra1 77. Kb6 Rg2 78. Kc7 Rb2 79. Kd7 Ra7+ 80. Kc8 Rh2 81. Kb8 Rg7 82. Ka8 Rh8# 0-1

[Event "4NCL Online Division 4"]
[Site "online"]
[Date "2021.03.23"]
[EventDate "2021.03.23"]
[Round "5.34"]
[White "Covey, Jason"]
[WhiteElo "1981"]
[WhiteTeam "Barnet Knights A"]
[Black "Ball, Katie C"]
[BlackElo "1525"]
[BlackTeam "Doughnuts of Doom"]
[Result "1-0"]
[PlyCount "129"]

1. d4 e6 2. Nc3 f5 3. g3 Be7 4. Bg2 Nf6 5. Nf3 O-O 6. O-O d6 7. Re1 Ne4 8. Nxe4 fxe4 9. Nd2 d5 10. f3 exf3 11. exf3 Nc6 12. c3 Qe8 13. f4 Bd7 14. Nf3 Qg6 15. Qe2 Rae8 16. Bh3 Bd6 17. Ng5 h6 18. Nxe6 Bxe6 19. Bxe6+ Kh8 20. Bd2 Nd8 21. f5 Qf6 22. Qg4 Nxe6 23. Bxh6 Qxh6 24. fxe6 Rf6 25. e7 Rf7 26. Qd7 Rfxe7 27. Rxe7 Rxe7 28. Qc8+ Kh7 29. Qf5+ Qg6 30. Qxd5 Qe4 31. Qh5+ Kg8 32. Rf1 Qe3+ 33. Kh1 Qe2 34. Qd5+ Re6 35. Qf5 Qe4+ 36. Qxe4 Rxe4 37. Rf2 Re1+ 38. Kg2 Be7 39. h4 Bd6 40. g4 Be7 41. h5 Bg5 42. Kf3 Re3+ 43. Kg2 Rd3 44. Rf5 Rd2+ 45. Kf3 Rxb2 46. Rxg5 Rxa2 47. Rc5 c6 48. Kf4 a5 49. Kf5 a4 50. Kg6 Rf2 51. g5 b5 52. Rxc6 a3 53. Ra6 a2 54. Ra8+ Rf8 55. Rxa2 Rc8 56. Ra5 Rc6+ 57. Kf5 Rxc3 58. Rxb5 Rd3 59. Kg6 Rf3 60. Rb8+ Rf8 61. Rxf8+ Kxf8 62. h6 gxh6 63. gxh6 Kg8 64. d5 Kh8 65. d6 1-0

[Event "4NCL Online Division 4"]
[Site "online"]
[Date "2021.03.23"]
[EventDate "2021.03.23"]
[Round "5.41"]
[White "Kirkham, Mark"]
[WhiteElo "1823"]
[WhiteTeam "Sheffield Deaf"]
[Black "Domanski, Lukasz"]
[BlackElo "2002"]
[BlackTeam "Hackney Thirsty"]
[Result "1/2-1/2"]
[PlyCount "82"]

1. d4 d6 2. e4 Nf6 3. c4 Nxe4 4. Bd3 Nf6 5. Nf3 g6 6. O-O Bg7 7. Nc3 O-O 8. h3 b6 9. Re1 Bb7 10. Bg5 Nbd7 11. a3 Re8 12. Nd2 d5 13. Bf4 a6 14. b4 Nh5 15. Bg5 Bxd4 16. Rc1 Ne5 17. Be2 Ng3 18. cxd5 Nxe2+ 19. Qxe2 Bxc3 20. Rxc3 Qxd5 21. f4 Nc6 22. Nf3 Nd4 23. Nxd4 Qxd4+ 24. Qe3 Qd5 25. Re2 f6 26. Bh4 Rac8 27. Rd3 Qc4 28. Rd4 Qc6 29. Qb3+ Kg7 30. Rc2 Qb5 31. a4 Qh5 32. Bf2 c5 33. bxc5 bxc5 34. g4 Qh6 35. g5 fxg5 36. Qxb7 Qxh3 37. Re4 Qg4+ 38. Kh2 Qh5+ 39. Kg1 Qg4+ 40. Kh2 Qh5+ 41. Kg1 Qg4+ 1/2-1/2

[Event "4NCL Online Division 4"]
[Site "online"]
[Date "2021.03.23"]
[EventDate "2021.03.23"]
[Round "5.42"]
[White "Baumann, Tobias"]
[WhiteElo "2005"]
[WhiteTeam "Hackney Thirsty"]
[Black "Freund, Michael P"]
[BlackElo "1670"]
[BlackTeam "Sheffield Deaf"]
[Result "0-1"]
[PlyCount "70"]

1. e4 e6 2. d4 d5 3. Nd2 Nf6 4. e5 Nfd7 5. f4 c5 6. c3 Nc6 7. Ndf3 Qb6 8. Ne2 cxd4 9. Nexd4 Nxd4 10. Nxd4 Nb8 11. Qg4 Nc6 12. Bb5 Bd7 13. Be3 a6 14. Bxc6 bxc6 15. b4 a5 16. Kf2 axb4 17. cxb4 Qxb4 18. Rhb1 Qc4 19. Rb2 Qd3 20. Rab1 Rc8 21. Rb8 Rxb8 22. Rxb8+ Ke7 23. Nb3 Qc2+ 24. Kg3 f6 25. Bc5+ Kf7 26. Rb7 Qc3+ 27. Kh4 g5+ 28. fxg5 Qxe5 29. Rxd7+ Ke8 30. Qh5+ Kxd7 31. Qf7+ Kd8 32. gxf6 Qxh2+ 33. Kg4 Qxg2+ 34. Kh5 Qh3+ 35. Kg5 Bh6# 0-1

[Event "4NCL Online Division 4"]
[Site "online"]
[Date "2021.03.23"]
[EventDate "2021.03.23"]
[Round "5.43"]
[White "Gibson, Stephen"]
[WhiteElo "1505"]
[WhiteTeam "Sheffield Deaf"]
[Black "Tennyson, John"]
[BlackElo "1982"]
[BlackTeam "Hackney Thirsty"]
[Result "0-1"]
[PlyCount "50"]

1. e4 Nf6 2. Nc3 e5 3. f4 d5 4. exd5 e4 5. Bb5+ Bd7 6. Bxd7+ Nbxd7 7. Qe2 Bb4 8. a3 Bxc3 9. bxc3 O-O 10. c4 b5 11. cxb5 Nxd5 12. Nh3 Qf6 13. Rb1 Nxf4 14. Nxf4 Qxf4 15. Qe3 Qh4+ 16. Qf2 Qxf2+ 17. Kxf2 f5 18. Re1 Nc5 19. Bb2 Rad8 20. Bc3 f4 21. Bb4 Rf5 22. Bc3 e3+ 23. Ke2 Ne4 24. Red1 Rfd5 25. Ba5 exd2 0-1

[Event "4NCL Online Division 4"]
[Site "online"]
[Date "2021.03.23"]
[EventDate "2021.03.23"]
[Round "5.44"]
[White "Ciesielski, Marceli"]
[WhiteElo "1769"]
[WhiteTeam "Hackney Thirsty"]
[Black "Litherland, Reuben"]
[BlackElo "1320"]
[BlackTeam "Sheffield Deaf"]
[Result "0-1"]
[PlyCount "86"]

1. d4 Nf6 2. Bf4 e6 3. e3 Be7 4. Nf3 b6 5. h3 Bb7 6. Nbd2 d5 7. Bd3 Nbd7 8. h4 c5 9. c3 c4 10. Bc2 b5 11. Ne5 O-O 12. Qf3 a5 13. h5 Nxe5 14. Bxe5 h6 15. g4 Nh7 16. Qg2 f6 17. Bg3 Bd6 18. f4 f5 19. gxf5 exf5 20. Nf3 b4 21. Bh4 Qc7 22. Rg1 a4 23. Qg6 Rf7 24. Bxf5 Nf8 25. Qg4 a3 26. bxa3 bxc3 27. Be6 Nxe6 28. Qxe6 c2 29. Qxh6 Rxa3 30. Qe6 Ra6 31. Ke2 Ba3 32. Qg4 c1=Q 33. Raxc1 Bxc1 34. Rxc1 Rxa2+ 35. Kf1 Qa5 36. h6 Ra1 37. Rxa1 Qxa1+ 38. Kg2 Qb1 39. Ne5 Qf5 40. Qg3 c3 41. Nxf7 Qxf7 42. Qxg7+ Qxg7+ 43. hxg7 c2 0-1

[Event "4NCL Online Division 4"]
[Site "online"]
[Date "2021.03.23"]
[EventDate "2021.03.23"]
[Round "5.51"]
[White "Vaidyanathan, Adithya"]
[WhiteElo "1453"]
[WhiteTeam "Warwickshire Bears C"]
[Black "Ward, James"]
[BlackElo "1892"]
[BlackTeam "War & Piece 1"]
[Result "0-1"]
[PlyCount "138"]

1. Nf3 c6 2. d4 d5 3. c4 Nf6 4. Bf4 Bf5 5. Nc3 e6 6. e3 Bd6 7. Bxd6 Qxd6 8. c5 Qe7 9. b4 O-O 10. Be2 a6 11. a4 Nbd7 12. O-O e5 13. Qb3 e4 14. Nd2 h6 15. a5 Kh8 16. Kh1 Rae8 17. Na4 Qe6 18. Rg1 Ng4 19. Rgf1 h5 20. Nb6 Ndf6 21. h3 Nh6 22. Kh2 g5 23. g3 Bxh3 24. Rh1 Qf5 25. Kg1 h4 26. Bf1 Nfg4 27. Rxh3 Qxf2+ 28. Kh1 Nf5 29. Bg2 Nxg3+ 30. Rxg3 Qxg3 31. Nf1 Qf2 32. Ra2 Qf5 33. Nh2 Nf2+ 34. Kg1 Nh3+ 35. Bxh3 Qxh3 36. Rg2 Rg8 37. Ng4 Re6 38. Nxd5 cxd5 39. Qxd5 Reg6 40. Qe5+ Kh7 41. Nf6+ Rxf6 42. Qxf6 Qxe3+ 43. Kh1 Rg7 44. Qf5+ Kh8 45. Qc8+ Rg8 46. Qxb7 h3 47. Qxf7 hxg2+ 48. Kxg2 Qf3+ 49. Qxf3 exf3+ 50. Kxf3 Kg7 51. Kg4 Kf6 52. d5 Ke7 53. d6+ Kd7 54. b5 axb5 55. a6 b4 56. a7 b3 57. a8=Q Rxa8 58. Kxg5 b2 59. Kf5 b1=Q+ 60. Ke5 Qe1+ 61. Kd5 Qd2+ 62. Kc4 Ra4+ 63. Kb3 Qd4 64. c6+ Kxc6 65. d7 Kxd7 66. Kc2 Rc4+ 67. Kb3 Qd3+ 68. Ka2 Rc2+ 69. Kb1 Qd1# 0-1

[Event "4NCL Online Division 4"]
[Site "online"]
[Date "2021.03.23"]
[EventDate "2021.03.23"]
[Round "5.52"]
[White "O'Byrne, Daniel"]
[WhiteElo "1844"]
[WhiteTeam "War & Piece 1"]
[Black "He, Tom Junde"]
[BlackElo "1406"]
[BlackTeam "Warwickshire Bears C"]
[Result "1-0"]
[PlyCount "69"]

1. d4 b6 2. c4 Bb7 3. Nc3 e6 4. a3 a5 5. e4 Be7 6. Be3 Nf6 7. f3 d6 8. Qd2 Nc6 9. Nh3 h6 10. Be2 e5 11. d5 Na7 12. Nf2 c5 13. dxc6 Nxc6 14. Nb5 Ba6 15. Rc1 O-O 16. O-O Rb8 17. a4 Qd7 18. Rfd1 Rfd8 19. Nd3 Qb7 20. b3 Rbc8 21. Nc3 Rb8 22. Nd5 Nxd5 23. cxd5 Na7 24. f4 f6 25. Bg4 g5 26. Be6+ Kg7 27. fxg5 fxg5 28. h4 gxh4 29. Bxh6+ Kh7 30. Rf1 Bf8 31. Qg5 Bxh6 32. Bf5+ Kh8 33. Qxh6+ Kg8 34. Be6+ Qf7 35. Bxf7# 1-0

[Event "4NCL Online Division 4"]
[Site "online"]
[Date "2021.03.23"]
[EventDate "2021.03.23"]
[Round "5.53"]
[White "Nasibova, Margarita"]
[WhiteElo "1330"]
[WhiteTeam "Warwickshire Bears C"]
[Black "Ross, David C"]
[BlackElo "1668"]
[BlackTeam "War & Piece 1"]
[Result "1-0"]
[PlyCount "47"]

1. c4 e5 2. Nc3 Nc6 3. g3 g6 4. Bg2 Bg7 5. e4 d6 6. Nge2 Be6 7. d3 Qd7 8. O-O Bh3 9. f4 Bxg2 10. Kxg2 Nge7 11. Be3 h5 12. Qe1 h4 13. gxh4 Qg4+ 14. Qg3 Qxe2+ 15. Nxe2 Bf6 16. Qe1 Bxh4 17. Bf2 Bf6 18. fxe5 Nxe5 19. Rd1 Ng4 20. Bg3 Ne3+ 21. Kg1 Bd4 22. Kh1 O-O-O 23. Nxd4 Nxd1 24. Qxd1 1-0

[Event "4NCL Online Division 4"]
[Site "online"]
[Date "2021.03.23"]
[EventDate "2021.03.23"]
[Round "5.54"]
[White "Chwieseni, Edward I"]
[WhiteElo "1656"]
[WhiteTeam "War & Piece 1"]
[Black "Vaidyanathan, Sathya"]
[BlackElo "1219"]
[BlackTeam "Warwickshire Bears C"]
[Result "1-0"]
[PlyCount "85"]

1. e4 e5 2. Nf3 Nc6 3. Bc4 Bc5 4. d4 Bxd4 5. c3 Bb6 6. Qd5 Qf6 7. Bg5 Qe6 8. Nbd2 d6 9. Be3 Bxe3 10. fxe3 Qxd5 11. exd5 Nce7 12. e4 Bd7 13. O-O Nf6 14. h3 O-O 15. Bd3 h6 16. c4 Ng6 17. Bc2 Nf4 18. Kh2 Ng6 19. b4 a6 20. a4 Rfd8 21. g4 Nf4 22. Nh4 c6 23. Nf5 cxd5 24. Ne7+ Kf8 25. Nxd5 N6xd5 26. cxd5 Rdc8 27. Bb3 Nd3 28. Nc4 Rab8 29. Nxd6 Rc3 30. Rxf7+ Kg8 31. Rxd7 Rxb3 32. b5 axb5 33. axb5 Nc5 34. Rc7 Rb2+ 35. Kg1 b6 36. Raa7 Rb1+ 37. Kg2 Rb2+ 38. Kg3 Rb3+ 39. Kh4 g5+ 40. Kh5 Rxh3+ 41. Kg6 Nd3 42. Rg7+ Kh8 43. Nf7# 1-0

[Event "4NCL Online Division 4"]
[Site "online"]
[Date "2021.03.23"]
[EventDate "2021.03.23"]
[Round "5.61"]
[White "Lovatt, Peter G"]
[WhiteElo "1776"]
[WhiteTeam "Cheshire Cats"]
[Black "Robertson, David J"]
[BlackElo "2057"]
[BlackTeam "Spirit of Atticus B"]
[Result "1/2-1/2"]
[PlyCount "88"]

1. d4 Nf6 2. Nf3 e6 3. e3 b6 4. Bd3 Ba6 5. c4 d5 6. cxd5 Bxd3 7. Qxd3 exd5 8. O-O Bd6 9. Nc3 O-O 10. e4 Nxe4 11. Nxe4 dxe4 12. Qxe4 Nd7 13. Bg5 Qe8 14. Qd5 Qe6 15. Qxe6 fxe6 16. Rfe1 Rae8 17. Rac1 e5 18. Nxe5 Nxe5 19. dxe5 Rxe5 20. Rxe5 Bxe5 21. b3 c5 22. g3 Bd4 23. Rc2 Re8 24. Kf1 Kf7 25. Re2 Rxe2 26. Kxe2 Ke6 27. Kd3 Bxf2 28. Ke4 b5 29. Bf4 a6 30. g4 g6 31. h3 h5 32. Be5 h4 33. Bb2 Bg3 34. Bc3 Kd6 35. Bf6 Kc6 36. Bc3 Bc7 37. Bf6 Bg3 38. Bc3 c4 39. bxc4 bxc4 40. a4 Kc5 41. Ba5 Bf2 42. Bc3 Bg3 43. Ba5 Bf2 44. Bc3 Bg3 1/2-1/2

[Event "4NCL Online Division 4"]
[Site "online"]
[Date "2021.03.23"]
[EventDate "2021.03.23"]
[Round "5.62"]
[White "McLean, Ian"]
[WhiteElo "2013"]
[WhiteTeam "Spirit of Atticus B"]
[Black "Penny, Liam"]
[BlackElo "1743"]
[BlackTeam "Cheshire Cats"]
[Result "0-1"]
[PlyCount "90"]

1. f4 g6 2. Nf3 d5 3. g3 Bg7 4. Bg2 b6 5. O-O Bb7 6. d3 Nf6 7. Ne5 Nbd7 8. Nc3 O-O 9. Nxd7 Qxd7 10. e4 dxe4 11. dxe4 Qxd1 12. Rxd1 e5 13. h3 Rfd8 14. Be3 Nh5 15. Kh2 exf4 16. gxf4 Bxc3 17. bxc3 Nf6 18. e5 Bxg2 19. exf6 Bf3 20. Rf1 Be4 21. Bd4 c5 22. Be5 Rd2+ 23. Kg3 Rad8 24. Rae1 Bf5 25. Re3 Rxc2 26. Rfe1 Be6 27. f5 gxf5 28. Rg1 Kh8 29. Kh4 Rg8 30. Rxg8+ Kxg8 31. Bd6 Rg2 32. Rd3 h6 33. Bg3 Rxa2 34. Kh5 Kh7 35. Bf4 a5 36. Rd8 Rc2 37. Bxh6 Rxc3 38. h4 Rg3 39. Bg7 Rxg7 40. fxg7 Kxg7 41. Rb8 a4 42. Kg5 a3 43. h5 a2 44. Ra8 b5 45. h6+ Kh7 0-1